00508nam a2200193 a 4500001001300000003000900013005001700022008004100039020001000080082001500090100002600105245003300131260003500164300000900199500003500208505001000243650003500253700002600288nice12345678IN_TiNIC20260116012124.0050524s1925 newa grp 000 0 eng  ac10000a268.6bBET aBetts, George Herbert aMethod in Teaching Religion. aNew YorkbAbingdon Pressc1925 a488p aincludes index and biblioraphy2 aIndex aChristian Education & Training1 aBetts, George Herbert